Central Library OPAC University of Rajshahi

সাহাবীগণের যুগে তাফসীর চর্চা / (Record no. 79688)

MARC details
000 -LEADER
fixed length control field 01560nam a2200277 a 4500
001 - CONTROL NUMBER
RUCL Control Number 79688
003 - CONTROL NUMBER IDENTIFIER
rucl marc code BD-RjUL
005 - DATE AND TIME OF LATEST TRANSACTION
control field 20230131124402.0
008 - FIXED-LENGTH DATA ELEMENTS--GENERAL INFORMATION
fixed length control field 220412s2007 bg |||| m||| 00| 0 ben d
035 ## - SYSTEM CONTROL NUMBER
system control number (BD-RjUL)79688
040 ## - CATALOGING SOURCE
Original cataloging agency BD-RjUL
Language of cataloging ben / eng
Transcribing agency BD-RjUL
Modifying agency BD-RjUL
041 ## - LANGUAGE CODE
Language code of Book ben
082 ## - DEWEY DECIMAL CLASSIFICATION NUMBER
Classification number 297.648
Author mark and Year RAS 2007
DDC Edition number 23
100 ## - MAIN ENTRY--PERSONAL NAME
Personal name রাজ্জাক, খ. ম. আব্দুর
9 (RLIN) 2393
245 ## - TITLE STATEMENT
Title সাহাবীগণের যুগে তাফসীর চর্চা /
Statement of responsibility, etc খ. ম. আব্দুর রাজ্জাক
Name of Supervisor/Co-Supervisor সুপারভাইজার : মোহাম্মদ বেলাল হোসেন
260 ## - PUBLICATION, DISTRIBUTION, ETC. (IMPRINT)
Place of publication, distribution, etc রাজশাহী :
Name of publisher, distributor, etc ইসলামিক স্টাডিজ বিভাগ, রাজশাহী বিশ্ববিদ্যালয়,
Date of publication, distribution, etc ২০০৭
300 ## - PHYSICAL DESCRIPTION
Pagination viii, ৩৫৭ পাতা ;
Dimensions ২৯ সেমি.
502 ## - DISSERTATION NOTE
Dissertation note থিসিস (পিএইচ. ডি.) -- ইসলামিক স্টাডিজ বিভাগ, রাজশাহী বিশ্ববিদ্যালয়, ২০০৭
504 ## - BIBLIOGRAPHY, ETC. NOTE
Bibliography, etc গ্রন্থপঞ্জী : পাতা [৩৪৬] -৩৫৭
600 ## - SUBJECT ADDED ENTRY--PERSONAL NAME
Personal name সাহাবা
General subdivision জীবনী
-- 6761
Personal name Sahabah
General subdivision Biography
-- 6762
650 ## - SUBJECT ADDED ENTRY--TOPICAL TERM
Topical term or geographic name as entry element কোরআন
General subdivision ব্যাখা ও সমালোচনা
9 (RLIN) 6763
Topical term or geographic name as entry element Quran
General subdivision Interpretation and Criticism
9 (RLIN) 6764
700 ## - ADDED ENTRY--SUPERVISOR/CO-SUPERVISOR NAME
Personal name হোসেন, মোহাম্মদ বেলাল, সুপারভাইজার
9 (RLIN) 1341
942 ## - ADDED ENTRY ELEMENTS (KOHA)
Source of classification or shelving scheme Dewey Decimal Classification
Koha item type Theses
Holdings
Source of classification or shelving scheme Damaged status Not for loan Collection code Permanent Location Current Location Shelving location Date of accession Source of acquisition Full call number Barcode Date last seen Copy number Thesis
Dewey Decimal Classification   Not For Loan Theses Central Library, University of Rajshahi Central Library, University of Rajshahi Documentation Section 21/04/2008 Controller of Exam., R. U. BTHE 297.648 RAS 2007 D2842 12/04/2022 C-1 Theses